Sample survey of women's opinion and behaviour relating to family life as correlates of educational status (Record no. 19702)

MARC details
000 -LEADER
fixed length control field 00449nam a2200145Ia 4500
082 ## - DEWEY DECIMAL CLASSIFICATION NUMBER
Classification number TS.0160
100 ## - MAIN ENTRY--AUTHOR NAME
Personal name Sakhare, Seema
245 #0 - TITLE STATEMENT
Title Sample survey of women's opinion and behaviour relating to family life as correlates of educational status
260 ## - PUBLICATION, DISTRIBUTION, ETC. (IMPRINT)
Year of publication 1974
Name of publisher Nagpur University
300 ## - PHYSICAL DESCRIPTION
Number of Pages 458p. + C D - 58
650 ## - SUBJECT ADDED ENTRY--TOPICAL TERM
Topical Term WOMEN - MAHARASHTRA - VIDARBHA
650 ## - SUBJECT ADDED ENTRY--TOPICAL TERM
Topical Term WOMEN - SOCIO-ECONOMIC STATUS
710 ## - ADDED ENTRY--CORPORATE NAME
Corporate name or jurisdiction name as entry element Varma, M.
942 ## - ADDED ENTRY ELEMENTS (KOHA)
Koha item type Thesis
Source of classification or shelving scheme Dewey Decimal Classification
Holdings
Withdrawn status Lost status Damaged status Not for loan Home library Current library Date acquired Full call number Accession Number Price effective from Koha item type
        NASSDOC Library NASSDOC Library 08/10/2004 TS.0160 12122 18/04/2019 Thesis